<?xml version="1.0" encoding="UTF-8"?>
<record
    xmlns:xsi="http://www.w3.org/2001/XMLSchema-instance"
    xsi:schemaLocation="http://www.loc.gov/MARC21/slim http://www.loc.gov/standards/marcxml/schema/MARC21slim.xsd"
    xmlns="http://www.loc.gov/MARC21/slim">

  <leader>00569nam a2200169Ia 4500</leader>
  <controlfield tag="005">20260121165307.0</controlfield>
  <controlfield tag="008">260121s9999    xx            000 0 und d</controlfield>
  <datafield tag="020" ind1=" " ind2=" ">
    <subfield code="a">978-93-95664-33-2</subfield>
  </datafield>
  <datafield tag="041" ind1=" " ind2=" ">
    <subfield code="a">mar</subfield>
  </datafield>
  <datafield tag="082" ind1=" " ind2=" ">
    <subfield code="a">894.812</subfield>
  </datafield>
  <datafield tag="100" ind1=" " ind2=" ">
    <subfield code="a">&#x930;&#x93E;&#x92E;&#x915;&#x943;&#x937;&#x94D;&#x923; &#x92A;&#x94D;&#x930;&#x938;&#x93E;&#x926;</subfield>
  </datafield>
  <datafield tag="245" ind1=" " ind2=" ">
    <subfield code="a">&#x938;&#x93E;&#x92E;&#x93E;&#x928;&#x94D;&#x92F;&#x93E;&#x902;&#x91A;&#x93E; &#x905;&#x938;&#x93E;&#x927;&#x93E;&#x930;&#x923; &#x915;&#x930;&#x94D;&#x924;&#x935;&#x94D;&#x92F;&#x93E;&#x91A;&#x94D;&#x92F;&#x93E; &#x915;&#x925;&#x93E; &#x92D;&#x93E;&#x917; &#x967;</subfield>
  </datafield>
  <datafield tag="250" ind1=" " ind2=" ">
    <subfield code="a">1</subfield>
  </datafield>
  <datafield tag="260" ind1=" " ind2=" ">
    <subfield code="b">&#x92D;&#x93E;&#x930;&#x924;&#x940;&#x92F; &#x935;&#x93F;&#x91A;&#x93E;&#x930; &#x938;&#x93E;&#x927;&#x928;&#x93E; &#x92B;&#x93E;&#x909;&#x902;&#x921;&#x947;&#x936;&#x928;</subfield>
    <subfield code="c">2023</subfield>
  </datafield>
  <datafield tag="300" ind1=" " ind2=" ">
    <subfield code="a">219</subfield>
  </datafield>
  <datafield tag="650" ind1=" " ind2=" ">
    <subfield code="a">Genral</subfield>
  </datafield>
  <datafield tag="999" ind1=" " ind2=" ">
    <subfield code="c">369938</subfield>
    <subfield code="d">369938</subfield>
  </datafield>
  <datafield tag="952" ind1=" " ind2=" ">
    <subfield code="0">0</subfield>
    <subfield code="1">0</subfield>
    <subfield code="4">0</subfield>
    <subfield code="7">0</subfield>
    <subfield code="a">MNVT</subfield>
    <subfield code="b">MNVT</subfield>
    <subfield code="d">2025-04-25</subfield>
    <subfield code="e">&#x92D;&#x93E;&#x930;&#x924;&#x940;&#x92F; &#x935;&#x93F;&#x91A;&#x93E;&#x930; &#x938;&#x93E;&#x927;&#x928;&#x93E; &#x92B;&#x93E;&#x909;&#x902;&#x921;&#x947;&#x936;&#x928;</subfield>
    <subfield code="g">175.00</subfield>
    <subfield code="i">Ho/IN/603</subfield>
    <subfield code="l">0</subfield>
    <subfield code="o">894.812/RAM/B2143</subfield>
    <subfield code="p">MNVT-BK-2143</subfield>
    <subfield code="r">2026-01-21 11:23:07</subfield>
    <subfield code="v">250.00</subfield>
    <subfield code="w">2025-03-18</subfield>
    <subfield code="y">BK</subfield>
    <subfield code="z">B2143</subfield>
  </datafield>
  <datafield tag="952" ind1=" " ind2=" ">
    <subfield code="0">0</subfield>
    <subfield code="1">0</subfield>
    <subfield code="4">0</subfield>
    <subfield code="7">0</subfield>
    <subfield code="a">MNVT</subfield>
    <subfield code="b">MNVT</subfield>
    <subfield code="d">2025-04-25</subfield>
    <subfield code="e">&#x92D;&#x93E;&#x930;&#x924;&#x940;&#x92F; &#x935;&#x93F;&#x91A;&#x93E;&#x930; &#x938;&#x93E;&#x927;&#x928;&#x93E; &#x92B;&#x93E;&#x909;&#x902;&#x921;&#x947;&#x936;&#x928;</subfield>
    <subfield code="g">245.00</subfield>
    <subfield code="i">Ho/IN/603</subfield>
    <subfield code="l">0</subfield>
    <subfield code="o">894.812/RAM/B2144</subfield>
    <subfield code="p">MNVT-BK-2144</subfield>
    <subfield code="r">2026-01-21 11:23:07</subfield>
    <subfield code="v">350.00</subfield>
    <subfield code="w">2025-03-18</subfield>
    <subfield code="y">BK</subfield>
    <subfield code="z">B2144</subfield>
  </datafield>
</record>
